Forest products marketing (Record no. 63235)

MARC details
000 -LEADER
fixed length control field 00915nam a2200217 a 4500
008 - FIXED-LENGTH DATA ELEMENTS--GENERAL INFORMATION
fixed length control field 120416s1992 ||||||||||||||||| || u
020 ## - INTERNATIONAL STANDARD BOOK NUMBER
International Standard Book Number 0070575460
020 ## - INTERNATIONAL STANDARD BOOK NUMBER
International Standard Book Number 0070575479
050 ## - LIBRARY OF CONGRESS CALL NUMBER
Classification number SD 431 Sin
100 ## - MAIN ENTRY--PERSONAL NAME
Personal name Sinclair, Steven A. (Steven Allen), 1953-
245 10 - TITLE STATEMENT
Title Forest products marketing
260 ## - PUBLICATION, DISTRIBUTION, ETC.
Place of publication, distribution, etc. New York:
Name of publisher, distributor, etc. McGraw-Hill
Date of publication, distribution, etc. 1992
300 ## - PHYSICAL DESCRIPTION
Extent xvii, 403p. : ill.
350 ## -
-- 0.00
490 ## -
-- McGraw-Hill series in forest resources
500 ## - GENERAL NOTE
General note Includes bibliographical references and index.
650 ## - SUBJECT ADDED ENTRY--TOPICAL TERM
Topical term or geographic name entry element FOREST PRODUCTS INDUSTRY
650 ## - SUBJECT ADDED ENTRY--TOPICAL TERM
Topical term or geographic name entry element FOREST PRODUCTS--MARKETING
995 ## -
-- MAIN LIBRARY OPEN ACCESS
-- 0.00
-- 727615
-- CBU-MAIN LIBRARY (Kitwe)
-- 2
-- 31.00
-- SD 431 Sin
-- 2
-- AVAILABLE
-- 025413
-- Main Library Open Access Collection
995 ## -
-- ANNEX COLLECTION (Main Library)
-- 0.00
-- 727616
-- CBU-MAIN LIBRARY (Kitwe)
-- 1
-- 31.00
-- SD 431 Sin
-- 1
-- AVAILABLE
-- 025353
-- Annex Low-Usage Collection
999 ## -
-- 63235
-- 63235
Holdings
Withdrawn status Lost status Source of classification or shelving scheme Damaged status Not for loan Permanent Location Current Location Shelving location Date acquired Total Checkouts Full call number Barcode Date last seen Price effective from Koha item type
          CBU-MAIN LIBRARY, KITWE. CBU-MAIN LIBRARY, KITWE.   12/24/2022   SD 431 Sin 025413 12/24/2022 12/24/2022 MONOGRAPH
          CBU-MAIN LIBRARY, KITWE. CBU-MAIN LIBRARY, KITWE.   12/24/2022   SD 431 Sin 025353 12/24/2022 12/24/2022 MONOGRAPH